00927 a2200217 4500010001400000020002300014035001300037037001600050082001600066090001500082100001900097245019400116250001100310260004500321270010400366300003100470500002100501942003100522999001500553952014100568 aENG-88807 c350.00a8175345780 aEN-72340 bDBAD / PUB14a343.5409944 c9450d9450 aYatindra Singh1 aCyber laws :cby Yatindra Singhba guide to cyber laws and the information technology, computer software, intellectual property rights, e-commerce, taxation, privacy, etc...and agreements / a3rd ed aDelhibUniversal Law Publishing Coc2007 aC-FF-1A, Dilkhush Industrial Estate, (Opp. Hans Cinema, Azadpur), G.T. Karnal Road,bDelhie110 033 axxix, 366p. :c24cm (pbk) aIncludes index adplcENk343.5409944 / YAT c9277d9277 00102ddc40718NFICaDBADbDBADeDBAD/PUBg350.00l0o343.5409944 YATpEN-72340r2008-09-15 00:00:00t1u10251v350.00w2008-09-15yEN